[Event "City-ch"]
[Site "St Petersburg RUS"]
[Date "2003.04.16"]
[Round "1"]
[White "Loginov,Va"]
[Black "Aseev,K"]
[Result "1/2-1/2"]
[WhiteElo "2540"]
[BlackElo "2539"]
[EventDate "2003.04.16"]

1. Nf3 c5 2. g3 Nc6 3. d4 cxd4 4. Nxd4 g6 5. Bg2 Bg7 6. Nxc6 bxc6 7. O-O
Rb8 8. Nd2 Qc7 9. Nb3 d6 10. Bd2 Bd7 11. Qc1 c5 12. c4 Nf6 13. Ba5 Qc8 14.
e4 Bc6 15. Bc3 O-O 16. Re1 Nd7 17. Bxg7 Kxg7 18. Qc3+ Kg8 19. Re2 Rb4 20.
Na5 Ba8 21. a3 Rb6 22. b4 cxb4 23. axb4 Qc7 24. h3 Rfb8 25. Ra4 Bc6 26.
Nxc6 Rxc6 27. Qa3 Rxc4 28. Rxa7 Qd8 1/2-1/2

[Event "City-ch"]
[Site "St Petersburg RUS"]
[Date "2003.04.16"]
[Round "1"]
[White "Sergeev,Ve"]
[Black "Klimov,S"]
[Result "0-1"]
[WhiteElo "2426"]
[BlackElo "2507"]
[EventDate "2003.04.16"]

1. d4 Nf6 2. c4 g6 3. Nc3 Bg7 4. e4 O-O 5. f3 d6 6. Be3 c5 7. dxc5 dxc5 8.
Qxd8 Rxd8 9. Bxc5 Nc6 10. Ba3 b6 11. Rd1 Ba6 12. Nh3 e6 13. Be2 Nd4 14. Bd3
Nd7 15. f4 Bxc4 16. Bxc4 Nc2+ 17. Ke2 Nxa3 18. bxa3 Bxc3 19. Rd3 Bf6 20.
Rhd1 Nc5 21. Rxd8+ Bxd8 22. Kf3 Be7 23. f5 Rc8 24. Bb5 a6 25. Bf1 b5 26.
Nf4 Bg5 27. Rd6 Kf8 28. a4 Be7 29. Rb6 Bd8 30. Rd6 exf5 31. exf5 Ke7 32.
Rd4 Nxa4 33. Nd5+ Kf8 34. Bd3 Nb2 35. Be4 Nc4 36. Nb4 Bf6 37. Rd1 Ne5+ 38.
Kg3 Rc4 39. Nd5 Bh4+ 40. Kf4 f6 0-1

[Event "City-ch"]
[Site "St Petersburg RUS"]
[Date "2003.04.16"]
[Round "1"]
[White "Ivanov,Se"]
[Black "Novikov,MiV"]
[Result "1-0"]
[WhiteElo "2557"]
[BlackElo "2401"]
[EventDate "2003.04.16"]

1. d4 Nf6 2. c4 e6 3. Nc3 Bb4 4. Qc2 b6 5. e4 Bb7 6. Bd3 c5 7. d5 b5 8. b3
bxc4 9. bxc4 exd5 10. exd5 O-O 11. Nge2 d6 12. Bf4 h6 13. O-O Nh5 14. Bd2
Nd7 15. f4 Nb6 16. g4 Nf6 17. g5 hxg5 18. fxg5 Nh5 19. Ng3 Nxg3 20. hxg3
Bxc3 21. Qxc3 Qd7 22. Bf5 Qa4 23. Rf4 Nd7 24. Rh4 Rfe8 25. Bh7+ Kf8 26. Bc2
Qa6 27. Rh8+ Ke7 28. Re1+ Ne5 29. Rxe5+ 1-0

[Event "City-ch"]
[Site "St Petersburg RUS"]
[Date "2003.04.16"]
[Round "1"]
[White "Popov,Val"]
[Black "Shaposhnikov,E"]
[Result "1-0"]
[WhiteElo "2570"]
[BlackElo "2564"]
[EventDate "2003.04.16"]

1. d4 Nf6 2. c4 e6 3. Nc3 Bb4 4. Qc2 c5 5. dxc5 O-O 6. a3 Bxc5 7. Nf3 Nc6
8. Bg5 Nd4 9. Nxd4 Bxd4 10. e3 Qa5 11. exd4 Qxg5 12. Qd2 Qxd2+ 13. Kxd2 b6
14. b4 Ba6 15. a4 d5 16. c5 Bxf1 17. Rhxf1 bxc5 18. bxc5 e5 19. dxe5 Nd7
20. c6 Nb6 21. a5 Nc4+ 22. Kc2 Rfd8 23. Rfd1 d4 24. c7 Rd7 25. Nb5 Rc8 26.
Ra4 d3+ 27. Rxd3 Rxd3 28. Rxc4 Rd7 29. a6 g5 30. Rc6 Kf8 31. Kb3 Ke7 32.
Kb4 g4 33. f4 Rd2 34. Nxa7 Kd7 35. Rd6+ 1-0

[Event "City-ch"]
[Site "St Petersburg RUS"]
[Date "2003.04.16"]
[Round "1"]
[White "Praslov,A"]
[Black "Ionov,S"]
[Result "1/2-1/2"]
[WhiteElo "2417"]
[BlackElo "2541"]
[EventDate "2003.04.16"]

1. d4 Nf6 2. c4 e6 3. Nf3 b6 4. g3 Ba6 5. b3 b5 6. cxb5 Bxb5 7. Bg2 d5 8.
Nc3 Ba6 9. O-O Nbd7 10. Bb2 Be7 11. Rc1 O-O 12. Re1 Rc8 13. a3 c5 14. dxc5
Nxc5 15. b4 Ncd7 16. e4 dxe4 1/2-1/2

[Event "City-ch"]
[Site "St Petersburg RUS"]
[Date "2003.04.17"]
[Round "2"]
[White "Shaposhnikov,E"]
[Black "Praslov,A"]
[Result "1-0"]
[WhiteElo "2564"]
[BlackElo "2417"]
[EventDate "2003.04.16"]

1. e4 e6 2. d4 d5 3. Nc3 Bb4 4. e5 b6 5. Qg4 Bf8 6. Nf3 Ba6 7. Bxa6 Nxa6 8.
O-O Qd7 9. Ne2 O-O-O 10. a4 Ne7 11. b3 h5 12. Qh3 Nf5 13. Bd2 Be7 14. c4 c6
15. Ng5 Rdf8 16. Qd3 Kb7 17. Rfc1 dxc4 18. Rxc4 Bxg5 19. Bxg5 Rc8 20. Nf4
Nc7 21. Qe4 Nd5 22. Nd3 h4 23. h3 Rh5 24. Bd2 Rhh8 25. a5 Qe7 26. Bb4 Qe8
27. axb6 axb6 28. Bd6 Ra8 29. Rac1 Nxd6 30. exd6 1-0

[Event "City-ch"]
[Site "St Petersburg RUS"]
[Date "2003.04.17"]
[Round "2"]
[White "Novikov,MiV"]
[Black "Popov,Val"]
[Result "1/2-1/2"]
[WhiteElo "2401"]
[BlackElo "2570"]
[EventDate "2003.04.16"]

1. d4 d5 2. Nf3 Nf6 3. c4 c6 4. Nc3 dxc4 5. a4 Bf5 6. Ne5 Nbd7 7. Nxc4 Qc7
8. g3 e5 9. dxe5 Nxe5 10. Bf4 Nfd7 11. Nxe5 Nxe5 12. Bg2 Bc5 13. O-O Qe7
14. a5 a6 15. Qb3 Ng6 16. Bd2 O-O-O 17. Rfd1 Qe6 18. Qxe6+ Bxe6 19. Ne4 Be7
20. Bc3 f6 21. f4 Bb3 22. Rxd8+ 1/2-1/2

[Event "City-ch"]
[Site "St Petersburg RUS"]
[Date "2003.04.17"]
[Round "2"]
[White "Yevseev,D"]
[Black "Sergeev,Ve"]
[Result "1-0"]
[WhiteElo "2580"]
[BlackElo "2426"]
[EventDate "2003.04.16"]

1. d4 Nf6 2. c4 g6 3. Nc3 Bg7 4. e4 d6 5. f3 O-O 6. Bg5 a6 7. Qd2 c6 8.
O-O-O b5 9. h4 h5 10. g4 hxg4 11. h5 Nxh5 12. Bh6 f6 13. fxg4 Bxg4 14. Be2
Qc8 15. Nf3 e5 16. Bxg7 Kxg7 17. Nh4 Ng3 18. Rdg1 Nxe2+ 19. Nxe2 Rh8 20.
Nxg6 Kxg6 21. Rxg4+ Kf7 22. Rhg1 Rh7 23. dxe5 dxe5 24. Rg8 Qxg8 25. Rxg8
Kxg8 26. Qd8+ Kf7 27. Ng3 a5 28. c5 Ra7 29. Qxb8 Rd7 30. Qc8 Rd4 31. a3 Rh2
32. Nf5 Rc4+ 33. Kb1 Rcc2 34. Nd6+ Kg7 35. Qd7+ Kh6 36. Nf5+ Kg5 37. Ne3
Rxb2+ 38. Kc1 Ra2 39. Qg4+ Kh6 40. Nf5+ 1-0

[Event "City-ch"]
[Site "St Petersburg RUS"]
[Date "2003.04.17"]
[Round "2"]
[White "Aseev,K"]
[Black "Lugovoi,A"]
[Result "0-1"]
[WhiteElo "2539"]
[BlackElo "2563"]
[EventDate "2003.04.16"]

1. e4 c5 2. Nf3 d6 3. d4 cxd4 4. Nxd4 Nf6 5. Nc3 Nc6 6. Bg5 e6 7. Qd2 a6 8.
O-O-O h6 9. Be3 Be7 10. f4 Bd7 11. Kb1 b5 12. Bd3 O-O 13. h3 Nxd4 14. Bxd4
Bc6 15. Qe3 Qc7 16. Rhf1 Rac8 17. e5 dxe5 18. Bxe5 Qb7 19. f5 exf5 20. Rxf5
b4 21. Rxf6 Bxf6 22. Bxf6 bxc3 23. b3 Qc7 24. Bxc3 Bb5 25. Bd4 Bxd3 26.
Qxd3 Rfe8 27. Kb2 Re6 28. Rd2 Qc6 29. a4 Rg6 30. Qe2 Re8 31. Qf2 Rd6 32.
Bc3 Rxd2 33. Qxd2 Rc8 34. a5 Qe4 35. Qf2 Rc6 36. g4 f6 37. Qf1 Qd5 38. Qe2
Kf7 39. Qf2 Kg6 40. Qe2 Re6 41. Qf2 h5 42. Qg3 hxg4 43. hxg4 Re2 44. Qh3
Kf7 45. Qh7 Qe4 46. Qxe4 Rxe4 47. Bd2 Rxg4 48. c4 Ke6 49. Kc3 Kd6 0-1

[Event "City-ch"]
[Site "St Petersburg RUS"]
[Date "2003.04.17"]
[Round "2"]
[White "Solozhenkin,E"]
[Black "Loginov,Va"]
[Result "1/2-1/2"]
[WhiteElo "2514"]
[BlackElo "2540"]
[EventDate "2003.04.16"]

1. d4 Nf6 2. c4 g6 3. g3 Bg7 4. Bg2 O-O 5. Nc3 d6 6. Nf3 c6 7. O-O Bf5 8.
Ne1 Be6 9. d5 cxd5 10. cxd5 Bd7 11. Nd3 Na6 12. h3 Qc8 13. Kh2 Qc4 14. Qb3
Qxb3 15. axb3 Rfc8 16. Bd2 Ne8 17. Rfc1 Nec7 18. e3 Nb5 19. Ra5 Nac7 20. g4
Kf8 21. Kg3 Ke8 22. f4 Nxc3 23. bxc3 b6 24. Ra2 a5 25. e4 a4 26. bxa4 Rxa4
27. Rxa4 Bxa4 28. Nb4 Bd7 29. Nc6 g5 30. fxg5 Bxc6 31. dxc6 Ne6 32. Bf1 Kf8
33. Bb5 Be5+ 34. Kf3 Nd8 35. Ra1 Nxc6 36. Ra6 Na5 37. Rxb6 Nb3 38. Be1 Bxc3
39. Ba6 Rc7 40. Rb8+ Kg7 41. Bf2 Nd4+ 42. Kg2 Nc6 43. Rb1 Ne5 44. Rc1 Ba5
45. Rxc7 1/2-1/2

[Event "City-ch"]
[Site "St Petersburg RUS"]
[Date "2003.04.18"]
[Round "3"]
[White "Lugovoi,A"]
[Black "Solozhenkin,E"]
[Result "1/2-1/2"]
[WhiteElo "2563"]
[BlackElo "2514"]
[EventDate "2003.04.16"]

1. d4 Nf6 2. c4 e6 3. Nf3 b6 4. Nc3 Bb4 5. e3 Bb7 6. Bd3 c5 7. O-O O-O 8.
Na4 cxd4 9. exd4 Be7 10. Bf4 d6 11. Re1 Nbd7 12. Rc1 Rc8 13. Nc3 d5 14. Ne5
dxc4 15. Nxc4 Nd5 16. Nxd5 Bxd5 17. Qa4 Bg5 18. Bxg5 Qxg5 19. Ne3 Rxc1 20.
Rxc1 Nf6 21. Be2 Be4 22. Bf1 Qf4 23. Rc3 a5 1/2-1/2

[Event "City-ch"]
[Site "St Petersburg RUS"]
[Date "2003.04.18"]
[Round "3"]
[White "Ionov,S"]
[Black "Shaposhnikov,E"]
[Result "1-0"]
[WhiteElo "2541"]
[BlackElo "2564"]
[EventDate "2003.04.16"]

1. d4 Nf6 2. c4 e6 3. Nf3 b6 4. Nc3 Bb4 5. e3 Bb7 6. Bd3 O-O 7. O-O d5 8.
cxd5 exd5 9. a3 Bd6 10. b4 Nbd7 11. Qb3 a6 12. a4 Qe7 13. Rb1 Rfe8 14. b5
a5 15. Ra1 Rad8 16. Ba3 h6 17. Bxd6 cxd6 18. Rac1 Nf8 19. Rc2 Ne6 20. Rfc1
g6 21. Bf1 Ng5 22. Ne1 Nge4 23. Nd3 Nxc3 24. Rxc3 Rc8 25. Rxc8 Rxc8 26.
Rxc8+ Bxc8 27. Nf4 Bb7 28. Qc2 Qd7 29. Bd3 Qe7 30. Qc1 Qd8 31. Bb1 Qc8 32.
Qxc8+ Bxc8 33. f3 Kf8 34. g4 g5 35. Ne2 h5 36. h3 hxg4 37. hxg4 Ng8 38. Kf2
Ne7 39. Nc3 Be6 40. Ba2 f6 41. Kg3 Bf7 42. Bb1 Be6 43. Ba2 Bf7 44. Bb3 Ke8
45. f4 Kf8 46. Bc2 Be6 47. Kf3 Kg7 48. Ne2 Bf7 49. Ng3 Bg6 50. Bxg6 Kxg6
51. Ne2 Kf7 52. Nc3 Ke6 53. Ke2 Kf7 54. fxg5 fxg5 55. e4 Kf6 56. exd5 Nc8
57. Ne4+ Kg6 58. Kf3 Kh6 59. Nf6 Kg7 60. Nd7 Kf7 61. Ke4 Ke7 62. Nb8 Kf6
63. Nc6 Kg6 64. Nd8 Kf6 65. Nb7 Kg6 66. Nxd6 Nxd6+ 67. Ke5 Nxb5 68. axb5 a4
69. Ke6 a3 70. d6 a2 71. d7 a1=Q 72. d8=Q Qa2+ 73. Kd6 Qa3+ 74. Kc7 Qf3 75.
Qd6+ Kg7 76. Qd7+ Kh8 77. Kxb6 Qf6+ 78. Kc7 Qf4+ 79. Kc8 Qc1+ 80. Qc7 Qf4
81. Qd8+ Kg7 82. Qd7+ Kg8 83. b6 Qc1+ 84. Qc7 Qd1 85. Qd8+ Kf7 86. Qd7+ Kf8
87. b7 Qc2+ 88. Qc7 Qe4 89. b8=Q 1-0

[Event "City-ch"]
[Site "St Petersburg RUS"]
[Date "2003.04.18"]
[Round "3"]
[White "Sergeev,Ve"]
[Black "Aseev,K"]
[Result "1/2-1/2"]
[WhiteElo "2426"]
[BlackElo "2539"]
[EventDate "2003.04.16"]

1. d4 Nf6 2. c4 e6 3. Nc3 Bb4 4. Qc2 O-O 5. a3 Bxc3+ 6. Qxc3 d6 7. f3 c5 8.
dxc5 dxc5 9. Bg5 Nc6 10. e3 e5 11. Bd3 h6 12. Bh4 Be6 13. Ne2 Qa5 14. b3
Rfd8 15. Bc2 b5 16. Bxf6 gxf6 17. cxb5 Qxb5 18. Kf2 Ne7 19. Rhd1 Nd5 20.
Qd3 Qxd3 21. Rxd3 Nb6 22. Rxd8+ Rxd8 23. Rd1 Rb8 24. Nc3 Kf8 25. Ke2
1/2-1/2

[Event "City-ch"]
[Site "St Petersburg RUS"]
[Date "2003.04.18"]
[Round "3"]
[White "Ivanov,Se"]
[Black "Yevseev,D"]
[Result "1/2-1/2"]
[WhiteElo "2557"]
[BlackElo "2580"]
[EventDate "2003.04.16"]

1. d4 d5 2. c4 c6 3. Nf3 e6 4. Bg5 Be7 5. Bxe7 Qxe7 6. e3 Nf6 7. Nc3 O-O 8.
Bd3 dxc4 9. Bxc4 c5 10. O-O Nc6 11. Qe2 b6 12. dxc5 Qxc5 13. Rac1 Bb7 14.
Ba6 Qe7 15. Bxb7 Qxb7 16. e4 Rad8 17. e5 Nd5 18. Qe4 h6 19. h4 Nce7 20.
Rfd1 Qa6 21. Nxd5 Nxd5 22. a3 Rc8 23. g3 Qb5 24. Rc2 Rc5 25. Rdc1 Rfc8 26.
Nd4 Qa4 27. Qd3 Rxc2 28. Rxc2 Rxc2 29. Nxc2 Qc6 30. Kh2 Qc5 31. Kg2 g6 32.
Ne3 Nxe3+ 1/2-1/2

[Event "City-ch"]
[Site "St Petersburg RUS"]
[Date "2003.04.18"]
[Round "3"]
[White "Popov,Val"]
[Black "Klimov,S"]
[Result "1-0"]
[WhiteElo "2570"]
[BlackElo "2507"]
[EventDate "2003.04.16"]

1. d4 d5 2. c4 c6 3. Nf3 Nf6 4. e3 Bf5 5. Nc3 e6 6. Nh4 Bg6 7. Qb3 Qc7 8.
Nxg6 hxg6 9. Bd2 Nbd7 10. cxd5 exd5 11. h3 Be7 12. Rc1 Nb6 13. Bd3 Rd8 14.
Na4 Nxa4 15. Qxa4 Qb8 16. Qc2 O-O 17. O-O Rc8 18. a4 a6 19. Qb1 Rfe8 20.
Rc2 Nd7 21. Qa2 Qd6 22. Rfc1 Ra8 23. b4 Bd8 24. Qb1 Nb6 25. Qb3 Be7 26. Ra2
Nd7 27. Be2 Rec8 28. Bf3 Nb6 29. Bg4 Re8 30. Be2 Rec8 31. Qb1 Nd7 32. b5
axb5 33. axb5 c5 34. dxc5 Nxc5 35. Bb4 b6 36. Rd2 Qe5 37. Rcd1 Rd8 38. Bxc5
Bxc5 39. Bf3 Ra3 40. Rxd5 Rxd5 41. Bxd5 Qe7 42. Qxg6 Qf6 43. Qxf6 gxf6 44.
Bc6 Ra7 45. g4 Kg7 46. Kg2 Re7 47. Kf3 Ra7 48. Rd7 Rxd7 49. Bxd7 Bb4 50. h4
Bc3 51. Ke2 Bb4 52. f4 Ba3 53. Kf3 Bb4 54. g5 Be1 55. Kg4 Bf2 56. e4 Be1
57. e5 fxe5 58. fxe5 Bb4 59. h5 Ba3 60. h6+ Kg8 61. Kf5 1-0

[Event "City-ch"]
[Site "St Petersburg RUS"]
[Date "2003.04.18"]
[Round "3"]
[White "Praslov,A"]
[Black "Novikov,MiV"]
[Result "1/2-1/2"]
[WhiteElo "2417"]
[BlackElo "2401"]
[EventDate "2003.04.16"]

1. c4 Nf6 2. Nc3 g6 3. d4 Bg7 4. e4 d6 5. Be2 O-O 6. Bg5 c5 7. d5 e6 8. Nf3
exd5 9. exd5 h6 10. Bd2 Re8 11. O-O Bf5 12. Nh4 Bc8 13. Nf3 Bf5 1/2-1/2

[Event "City-ch"]
[Site "St Petersburg RUS"]
[Date "2003.04.19"]
[Round "4"]
[White "Solozhenkin,E"]
[Black "Sergeev,Ve"]
[Result "1/2-1/2"]
[WhiteElo "2514"]
[BlackElo "2426"]
[EventDate "2003.04.16"]

1. c4 e5 2. Nc3 Nf6 3. Nf3 Nc6 4. e3 Bb4 5. Qc2 Bxc3 6. Qxc3 Qe7 7. a3 d5
8. d4 exd4 9. Nxd4 Nxd4 10. Qxd4 c5 11. Qh4 Be6 12. cxd5 Bxd5 13. Bb5+ Nd7
14. Qxe7+ Kxe7 15. f3 f5 16. Bd2 Nf6 17. Bc3 Rhd8 18. Kf2 Bb3 19. Be2
1/2-1/2

[Event "City-ch"]
[Site "St Petersburg RUS"]
[Date "2003.04.19"]
[Round "4"]
[White "Klimov,S"]
[Black "Praslov,A"]
[Result "1-0"]
[WhiteElo "2507"]
[BlackElo "2417"]
[EventDate "2003.04.16"]

1. e4 d5 2. exd5 Qxd5 3. Nc3 Qa5 4. d4 Nf6 5. Nf3 c6 6. Bc4 Bf5 7. Bd2 e6
8. Nd5 Qd8 9. Nxf6+ gxf6 10. O-O Nd7 11. Re1 Qc7 12. Bf1 O-O-O 13. b4 e5
14. c4 Bg4 15. h3 Bh5 16. Qb3 Rg8 17. a4 exd4 18. Nh4 c5 19. b5 Bd6 20. a5
Qb8 21. Bd3 Bg6 22. Nxg6 hxg6 23. Be4 g5 24. Qf3 Rdf8 25. Bf5 Rd8 26. Qd5
Rgf8 27. Kf1 Rh8 28. g3 Rhf8 29. Kg2 Rh8 30. Qxf7 Be5 31. Qd5 Qd6 32. Qf3
Qb8 33. Ra3 Rhg8 34. Qe4 Rg7 35. Kf1 Rf8 36. h4 gxh4 37. Bh6 Rfg8 38. Bxg7
Rxg7 39. Qxh4 Kc7 40. Qe4 1-0

[Event "City-ch"]
[Site "St Petersburg RUS"]
[Date "2003.04.19"]
[Round "4"]
[White "Novikov,MiV"]
[Black "Ionov,S"]
[Result "1/2-1/2"]
[WhiteElo "2401"]
[BlackElo "2541"]
[EventDate "2003.04.16"]

1. d4 Nf6 2. Nf3 e6 3. c4 c5 4. g3 cxd4 5. Nxd4 a6 6. Bg2 Qc7 7. Nd2 Nc6 8.
Nxc6 dxc6 9. O-O e5 10. Qc2 Be7 11. a3 a5 12. b3 O-O 13. Bb2 Bg4 14. Nf3
Nd7 15. Bc3 Be6 16. Bd2 f6 17. b4 Nb6 18. c5 Nc4 19. Bc3 Rfd8 20. Rfd1
Rxd1+ 21. Qxd1 Rd8 22. Qa4 Bf8 23. Bf1 Bf7 24. e4 axb4 25. Bxb4 b5 1/2-1/2

[Event "City-ch"]
[Site "St Petersburg RUS"]
[Date "2003.04.20"]
[Round "5"]
[White "Ionov,S"]
[Black "Klimov,S"]
[Result "1/2-1/2"]
[WhiteElo "2541"]
[BlackElo "2507"]
[EventDate "2003.04.16"]

1. d4 Nf6 2. c4 g6 3. Nc3 Bg7 4. e4 O-O 5. Nf3 d6 6. Be2 e5 7. O-O Nc6 8.
d5 Ne7 9. Nd2 a5 10. a3 Nd7 11. Rb1 f5 12. b4 Kh8 13. Qc2 Ng8 14. exf5 gxf5
15. f4 axb4 16. axb4 exf4 17. Nf3 Ne5 18. Bxf4 Ne7 19. Qd2 Bd7 20. Nd4 N7g6
21. Bg5 Bf6 22. Bh6 Bg7 23. Bg5 Bf6 24. Bh6 Bg7 1/2-1/2

[Event "City-ch"]
[Site "St Petersburg RUS"]
[Date "2003.04.20"]
[Round "5"]
[White "Ivanov,Se"]
[Black "Solozhenkin,E"]
[Result "0-1"]
[WhiteElo "2557"]
[BlackElo "2514"]
[EventDate "2003.04.16"]

1. d4 Nf6 2. c4 e6 3. Nc3 Bb4 4. Qc2 d5 5. cxd5 Qxd5 6. e3 c5 7. Bd2 Bxc3
8. bxc3 b6 9. Nf3 Nbd7 10. Be2 Bb7 11. O-O O-O 12. Rfd1 Qc6 13. c4 cxd4 14.
exd4 e5 15. Bc3 exd4 16. Rxd4 Rfe8 17. Rad1 Qe6 18. Bf1 Bxf3 19. gxf3 Ne5
20. Bg2 Rac8 21. f4 Nc6 22. R4d2 Ne7 23. Qd3 Qxc4 24. Qxc4 Rxc4 25. Bxf6
gxf6 26. Rd7 Ra4 27. R1d2 Ng6 28. Bc6 Re1+ 29. Kg2 Ra3 30. f3 Nxf4+ 31. Kg3
Ne6 32. Re7 f5 33. Rdd7 f4+ 34. Kf2 Rae3 35. Bb5 Rb1 36. Bd3 Rb2+ 37. Kf1
Rxf3+ 38. Kg1 Re3 39. Bf1 Ng5 40. Bg2 Rb1+ 41. Kf2 Rb2+ 0-1

[Event "City-ch"]
[Site "St Petersburg RUS"]
[Date "2003.04.20"]
[Round "5"]
[White "Sergeev,Ve"]
[Black "Loginov,Va"]
[Result "0-1"]
[WhiteElo "2426"]
[BlackElo "2540"]
[EventDate "2003.04.16"]

1. d4 Nf6 2. c4 e6 3. Nc3 Bb4 4. e3 O-O 5. Nf3 b6 6. Bd3 Bb7 7. Bd2 d5 8.
O-O Nbd7 9. a3 Bd6 10. b4 dxc4 11. Bxc4 a6 12. Re1 e5 13. h3 e4 14. Nh2 c5
15. bxc5 bxc5 16. Nf1 Qc7 17. Ba2 Rac8 18. Rb1 Rb8 19. a4 Rfe8 20. Qb3 Re7
21. Rec1 Qd8 22. Qc2 h6 23. a5 Ba8 24. Na4 Rxb1 25. Rxb1 cxd4 26. exd4 e3
27. Nxe3 Be4 28. Qb3 Bxb1 29. Qxb1 Ne4 30. Be1 Ndf6 31. Nb6 Re8 32. Bc4 Bb8
33. Bxa6 Qxd4 34. Nbc4 Nc5 35. Bb5 Rd8 36. Nf1 Nd3 37. Nce3 Nxe1 38. Qxe1
Qc5 39. Qe2 Ba7 40. a6 Qe5 41. Bc6 g6 42. Bb7 h5 43. Qc4 Kg7 44. Bf3 Rd7
45. g3 Rc7 46. Qd3 Rc3 47. Qb1 Ra3 48. Qb7 Qd4 49. g4 h4 50. Qb5 Ra2 51.
Qg5 Kg8 52. Qxh4 Rxa6 53. Qg3 Ra2 54. Qg2 Qf4 55. Bc6 Ra1 56. Qf3 Bxe3 57.
fxe3 Qe5 58. Qf4 Qc3 59. Bg2 Rd1 60. Bf3 Rc1 61. Bg2 Rb1 62. Kh2 Rb4 63.
Qd6 Rb2 64. Kg1 Qc2 65. Qg3 Ne4 66. Qf3 Nd2 67. Qa8+ Kg7 68. Ng3 Qd1+ 69.
Nf1 Nxf1 70. Bxf1 Qd2 0-1

[Event "City-ch"]
[Site "St Petersburg RUS"]
[Date "2003.04.20"]
[Round "5"]
[White "Popov,Val"]
[Black "Aseev,K"]
[Result "1/2-1/2"]
[WhiteElo "2570"]
[BlackElo "2539"]
[EventDate "2003.04.16"]

1. e4 e5 2. Nf3 Nc6 3. Bb5 a6 4. Ba4 Nf6 5. O-O Be7 6. Re1 b5 7. Bb3 d6 8.
c3 O-O 9. h3 Re8 10. Ng5 Rf8 11. Nf3 Re8 12. Ng5 Rf8 13. d4 Bb7 14. a4 Na5
15. Bc2 c5 16. Nf3 Qc7 17. d5 c4 18. Na3 Qd7 19. Be3 Rfb8 20. Nd2 Bc8 21.
Qf3 Qc7 22. axb5 axb5 23. Rec1 Nd7 24. Qd1 Nc5 25. Ra2 Bd7 26. Rca1 Bd8 27.
Nab1 Ra6 28. Qe2 Rba8 29. Kh2 h6 30. Ra3 Bg5 31. Nf3 Bxe3 32. Qxe3 Qb6 33.
Nfd2 Nab7 1/2-1/2

[Event "City-ch"]
[Site "St Petersburg RUS"]
[Date "2003.04.20"]
[Round "5"]
[White "Shaposhnikov,E"]
[Black "Novikov,MiV"]
[Result "1-0"]
[WhiteElo "2564"]
[BlackElo "2401"]
[EventDate "2003.04.16"]

1. e4 c5 2. Nf3 d6 3. d4 cxd4 4. Nxd4 Nf6 5. Nc3 a6 6. Be3 e6 7. f4 b5 8.
Bd3 Nbd7 9. a4 bxa4 10. O-O Bb7 11. Rxa4 Nc5 12. Rb4 Qd7 13. Nb3 Nxb3 14.
Rxb3 Be7 15. Qe2 O-O 16. Ra1 d5 17. e5 Ne4 18. Na4 Qc7 19. Bb6 Qd7 20. Bd4
Qc6 21. Qe3 Rad8 22. Rb6 Qc7 23. c4 Rb8 24. b4 Bc6 25. c5 Bb5 26. Bxb5 axb5
27. Rxb8 Rxb8 28. Nc3 Nxc3 29. Qxc3 Qc6 30. Ra7 Bf8 31. Qa3 h6 32. Qa6 1-0

[Event "City-ch"]
[Site "St Petersburg RUS"]
[Date "2003.04.21"]
[Round "6"]
[White "Aseev,K"]
[Black "Praslov,A"]
[Result "1-0"]
[WhiteElo "2539"]
[BlackElo "2417"]
[EventDate "2003.04.16"]

1. e4 e6 2. d4 d5 3. Nc3 Bb4 4. e5 c5 5. a3 Bxc3+ 6. bxc3 Qc7 7. Qg4 f5 8.
Qh5+ g6 9. Qd1 b6 10. Bb5+ Bd7 11. Bd3 Nc6 12. Be3 Na5 13. h4 h6 14. Nf3
cxd4 15. cxd4 Nc4 16. Bc1 Ba4 17. g3 Ne7 18. Kf1 O-O-O 19. Kg2 Kb7 20. Ra2
Rc8 21. Bf4 Qd7 22. Qc1 Ng8 23. Qe1 Ne7 24. Qc1 Ng8 25. Qe1 Ne7 26. Qb4 a5
27. Qe1 Ka7 28. Qc1 Ng8 29. Qb1 Ne7 30. Qc1 Ng8 31. Rh2 Rc6 32. Ra1 Rc7 33.
Qb1 Ne7 34. Qc1 Ng8 35. Qb1 Ne7 36. Ng1 Bb5 37. Ne2 Ba6 38. Qb3 Nc6 39. Rb1
Rb7 40. Rbh1 Qe7 41. Bc1 Qg7 42. Qc3 b5 43. Nf4 Re8 44. Rg1 h5 45. Bxc4
dxc4 46. Nxe6 Rxe6 47. d5 Qxe5 48. Be3+ Ka8 49. Qxe5 Rxe5 50. dxc6 Rbe7 51.
Rd1 Bc8 52. Bf4 R5e6 53. Rd5 Rxc6 54. Rxb5 Bb7 55. Kh3 Ra6 56. f3 Bxf3 57.
Rd2 Bg4+ 58. Kg2 Re2+ 59. Rxe2 Bxe2 60. Kf2 Bd1 61. c3 a4 62. Ke3 Rc6 63.
Rd5 Bc2 64. Rd7 Be4 65. Kd4 Bf3 66. Bd6 Bg4 67. Kd5 Bf3+ 68. Ke5 Bg4 69.
Rg7 Rc8 70. Kd4 Rc6 71. Bc5 Be2 72. Re7 Bf1 73. Re1 Bd3 74. Kd5 Ra6 75.
Re8+ Kb7 76. Re7+ Kc8 77. Bd6 Ra5+ 78. Ke6 Be4 79. Rc7+ Kd8 80. Rg7 Bd5+
81. Kf6 Be4 82. Bc7+ 1-0

[Event "City-ch"]
[Site "St Petersburg RUS"]
[Date "2003.04.21"]
[Round "6"]
[White "Solozhenkin,E"]
[Black "Popov,Val"]
[Result "1/2-1/2"]
[WhiteElo "2514"]
[BlackElo "2570"]
[EventDate "2003.04.16"]

1. d4 d5 2. Nf3 Nf6 3. c4 c6 4. Nc3 dxc4 5. a4 Bf5 6. Nh4 Bc8 7. e3 e5 8.
Bxc4 exd4 9. exd4 Be7 10. O-O O-O 11. Re1 Na6 12. Nf3 Nc7 13. Bf4 Bd6 14.
Be5 Be6 15. Bxe6 Nxe6 16. Qb3 Rb8 17. Rad1 Nf4 18. Bxf4 Bxf4 19. Ne5 Nd7
20. Ne4 Qc7 21. Nxd7 Qxd7 22. Nc5 Qc7 23. g3 Bd6 24. Ne4 1/2-1/2

[Event "City-ch"]
[Site "St Petersburg RUS"]
[Date "2003.04.21"]
[Round "6"]
[White "Lugovoi,A"]
[Black "Sergeev,Ve"]
[Result "0-1"]
[WhiteElo "2563"]
[BlackElo "2426"]
[EventDate "2003.04.16"]

1. d4 Nf6 2. c4 e6 3. Nc3 Bb4 4. e3 O-O 5. Nf3 b6 6. Bd3 Bb7 7. Bd2 d5 8.
O-O Nbd7 9. a3 Bd6 10. b4 dxc4 11. Bxc4 a6 12. Re1 e5 13. h3 e4 14. Nh2 c5
15. bxc5 bxc5 16. Nf1 Qc7 17. Ba2 Rac8 18. Rb1 Rb8 19. a4 Rfe8 20. Qb3 Re7
21. Rec1 Qd8 22. Qc2 h6 23. a5 Ba8 24. Na4 Rxb1 25. Rxb1 cxd4 26. exd4 e3
27. Nxe3 Be4 28. Qb3 Bxb1 29. Qxb1 Ne4 30. Be1 Ndf6 31. Nb6 Re8 32. Bc4 Bb8
33. Bxa6 Qxd4 34. Nbc4 Nc5 35. Bb5 Rd8 36. Nf1 Nd3 37. Nce3 Nxe1 38. Qxe1
Qc5 39. Qe2 Ba7 40. a6 Qe5 41. Bc6 g6 42. Bb7 h5 43. Qc4 Kg7 44. Bf3 Rd7
45. g3 Rc7 46. Qd3 Rc3 47. Qb1 Ra3 48. Qb7 Qd4 49. g4 h4 50. Qb5 Ra2 51.
Qg5 Kg8 52. Qxh4 Ra5 53. Qg3 Ra2 54. Qg2 Qf4 55. Bc6 Ra1 56. Qf3 Bxe3 57.
fxe3 Qe5 58. Qf4 Qc3 59. Bg2 Rd1 60. Bf3 Rc1 61. Bg2 Rb1 62. Kh2 Rb4 63.
Qd6 Rb2 64. Kg1 Qc2 65. Qg3 Ne4 66. Qf3 Nd2 67. Qa8+ Kg7 68. Ng3 Qd1+ 69.
Nf1 Nxf1 70. Bxf1 Qd2 0-1

[Event "City-ch"]
[Site "St Petersburg RUS"]
[Date "2003.04.21"]
[Round "6"]
[White "Klimov,S"]
[Black "Shaposhnikov,E"]
[Result "1/2-1/2"]
[WhiteElo "2507"]
[BlackElo "2564"]
[EventDate "2003.04.16"]

1. e4 c6 2. d4 d5 3. exd5 cxd5 4. c4 Nf6 5. Nc3 e6 6. Nf3 Bb4 7. cxd5 exd5
8. Bd3 O-O 9. O-O Bg4 10. Bg5 Bxc3 11. bxc3 Nbd7 12. c4 dxc4 13. Bxc4 Qa5
14. Qd2 Qxd2 15. Nxd2 Nb6 16. Bxf6 Nxc4 17. Nxc4 gxf6 18. Ne3 Bd7 19. Rab1
b6 20. Rb3 Rfd8 21. Nd5 1/2-1/2

[Event "City-ch"]
[Site "St Petersburg RUS"]
[Date "2003.04.21"]
[Round "6"]
[White "Yevseev,D"]
[Black "Ionov,S"]
[Result "1/2-1/2"]
[WhiteElo "2580"]
[BlackElo "2541"]
[EventDate "2003.04.16"]

1. d4 Nf6 2. c4 e6 3. g3 Bb4+ 4. Bd2 Be7 5. Bg2 d5 6. Nf3 O-O 7. O-O c6 8.
Qc2 b6 9. Rd1 Ba6 10. b3 Nbd7 11. Bf4 Rc8 12. Nc3 h6 13. e4 dxc4 14. Nd2 b5
15. bxc4 bxc4 16. Qa4 Bb5 17. Nxb5 Nb6 18. Qxa7 cxb5 19. Nf1 c3 20. Rac1 b4
21. d5 exd5 22. e5 Ne8 23. Be3 Bc5 24. Bxd5 Bxe3 25. Nxe3 Qc7 26. Qa6 Qc5
27. Bb3 Nc7 28. Qb7 Rcd8 29. Qe4 Ne6 30. Ng4 Rd4 31. Rxd4 Qxd4 32. Qf5 Nc4
33. Rd1 Nd2 34. Bxe6 fxe6 35. Nxh6+ gxh6 1/2-1/2